Normale Ansicht
MARC-Ansicht
Eintrag Personenname
001 - Kontrollnummer
- Kontrollfeld: 65765
003 - Kontrollnummer Identifier
- Kontrollfeld:
005 - Datum und Zeit der letzten Transaktion
- Kontrollfeld: 20250212155539.0
008 - Datenelemente mit fester Länge
- Kontrollfeld mit fester Länge: 250212|| aca||aabn | a|a d
040 ## - Katalogisierungsquelle
- Original-Katalogisierungsstelle:
- Übertragungsstelle:
100 ## - Ansetzung - Personenname
- Personenname: Fuhrmann, Wolfgang
670 ## - Datenquelle
- Quellenangabe: Work cat.: ()72140: Fuhrmann, Wolfgang., Imperial Projections :